| 000 | 00786cam a22002653a 4500 | ||
|---|---|---|---|
| 001 | 16417 | ||
| 003 | PGUSA | ||
| 005 | 20140828083341.0 | ||
| 008 | 050802s2005||||xxu|||||s|||||000 | eng d | ||
| 040 |
_aPGUSA _beng |
||
| 042 | _adc | ||
| 050 | 4 | _aRA | |
| 100 | 1 |
_aDeane, Edmund, _d-1640 |
|
| 245 | 1 | 0 |
_aSpadacrene Anglica : _bThe English Spa Fountain _h[electronic resource] / _cEdmund Deane |
| 260 |
_bProject Gutenberg, _c2005 |
||
| 506 | _aPublic domain in the USA. | ||
| 516 | _aElectronic text | ||
| 653 | _aMineral waters -- England -- Harrogate -- Early works to 1800 | ||
| 653 | _aHealth resorts | ||
| 700 | 1 | _aRutherford, James | |
| 700 | 1 | _aButler, Alexander | |
| 830 | 0 |
_aProject Gutenberg _v16417 |
|
| 856 | 4 | 0 | _uhttp://www.gutenberg.org/ebooks/16417 |
| 942 | _cEB | ||
| 999 |
_c245672 _d245672 |
||